000 00267nam a2200109Ia 4500
008 190907s9999||||xx |||||||||||||| ||und||
100 _aCateora, Graham
245 0 _aInternational Marketing
260 _aIndia
_bDorling Kindersley
_c2001
300 _a2005
942 _cBK
999 _c6348
_d6348